[Event "Nord 3- Nord 2"]
[Site "?"]
[Date "2023.09.03"]
[Round "1.1"]
[White "Hausrath, Daniel"]
[Black "Walter, Andreas"]
[Result "1-0"]
[WhiteElo "2452"]
[BlackElo "2151"]
[PlyCount "105"]
[EventDate "2023.??.??"]
[SourceVersionDate "2023.09.04"]

1. Nf3 d5 2. d4 Nf6 3. c3 Bf5 4. Qb3 Qc8 5. Bg5 Nbd7 6. c4 dxc4 7. Qxc4 c5 8. Nc3 a6 9. d5 h6 10. Bxf6 Nxf6 11. e4 b5 12. Qe2 b4 13. Na4 Bxe4 14. Nb6 Qd8 15. Nxa8 Qxa8 16. Qxa6 Qxa6 17. Bxa6 Bxd5 18. Ne5 e6 19. Bb5+ Ke7 20. a3 b3 21. Rc1 g5 22. h4 g4 23. f4 gxf3 24. gxf3 Bg7 25. Rxc5 Kd6 26. Nd3 Nh5 27. Kd2 Bd4 28. Rcc1 Rg8 29. Rh2 f5 30. Bc4 Bxf3 31. Bxb3 Rb8 32. Bd1 Bxd1 33. Rxd1 e5 34. Kc2 Nf4 35. b4 Nd5 36. Kb3 e4 37. Nf4 Nxf4 38. Rxd4+ Ke5 39. Rd7 e3 40. Rc2 Ne6 41. Kc3 Rc8+ 42. Kb2 Re8 43. Rc3 f4 44. Kc2 Ke4 45. Kd1 Kf3 46. Rd2 Rg8 47. Rd6 Rg1+ 48. Kc2 Rg6 49. b5 Kf2 50. b6 e2 51. b7 e1=Q 52. b8=Q Qe2+ 53. Kb3 1-0

[Event "Nord 3- Nord 2"]
[Site "?"]
[Date "2023.09.03"]
[Round "1.2"]
[White "Oltmanns, Jan"]
[Black "Stillger, Bernhard"]
[Result "1/2-1/2"]
[WhiteElo "2174"]
[BlackElo "2284"]
[PlyCount "45"]
[EventDate "2023.??.??"]
[SourceVersionDate "2023.09.04"]

1. e4 e5 2. Nf3 Nc6 3. Bc4 Bc5 4. c3 Nf6 5. d3 a6 6. O-O d6 7. a4 Ba7 8. Nbd2 O-O 9. h3 h6 10. Re1 Re8 11. a5 Be6 12. Qb3 Rb8 13. Bxe6 Rxe6 14. Nf1 d5 15. Ng3 d4 16. c4 Bc5 17. Bd2 Qf8 18. Ra4 g6 19. Rb1 Nd7 20. Qd1 Nb4 21. Qb3 Nc6 22. Qd1 Nb4 23. Qb3 1/2-1/2

[Event "Nord 3- Nord 2"]
[Site "?"]
[Date "2023.09.03"]
[Round "1.3"]
[White "Van Meegen, Ruud"]
[Black "Limbourg, Philipp"]
[Result "1-0"]
[WhiteElo "2297"]
[BlackElo "2228"]
[PlyCount "89"]
[EventDate "2023.??.??"]
[SourceVersionDate "2023.09.04"]

1. Nf3 Nc6 2. d4 d6 3. g3 g6 4. Bg2 Bg7 5. c4 e5 6. dxe5 Nxe5 7. Nxe5 Bxe5 8. Nc3 Ne7 9. O-O O-O 10. Bh6 Re8 11. Qd2 Nf5 12. Bf4 Rb8 13. Rad1 Be6 14. c5 Qe7 15. e4 Nd4 16. cxd6 cxd6 17. Be3 Nc6 18. Rfe1 Rbc8 19. Nd5 Qf8 20. Bh6 Bg7 21. Nf6+ Kh8 22. Bxg7+ Qxg7 23. Nxe8 Rxe8 24. b3 Rd8 25. Qe3 Qe5 26. Rd2 Qa5 27. Red1 Re8 28. Qf4 Kg7 29. Qxd6 Bg4 30. f3 Rd8 31. Qf4 Qc5+ 32. Kf1 Qb5+ 33. Kf2 Rxd2+ 34. Rxd2 Be6 35. Qe3 h5 36. Qc3+ Kh7 37. Bf1 Qg5 38. h4 Qe7 39. Bb5 Bd7 40. Qd3 Qc5+ 41. Kg2 Be8 42. Bc4 b5 43. Bd5 Nb4 44. Qd4 Qc1 45. Qxb4 1-0

[Event "Nord 3- Nord 2"]
[Site "?"]
[Date "2023.09.03"]
[Round "1.4"]
[White "Voss, Gunther"]
[Black "De Boer, Bas"]
[Result "0-1"]
[WhiteElo "2114"]
[BlackElo "2155"]
[PlyCount "100"]
[EventDate "2023.??.??"]
[SourceVersionDate "2023.09.04"]

1. d4 Nf6 2. c4 e6 3. Nc3 Bb4 4. e3 O-O 5. Bd2 Re8 6. Nf3 d5 7. Bd3 Nbd7 8. O-O Bf8 9. Rc1 a6 10. Ne5 dxc4 11. Nxc4 c5 12. Qf3 Rb8 13. Ne4 Nxe4 14. Qxe4 g6 15. Bc3 b5 16. Ba5 Qg5 17. h4 f5 18. Qc6 Qxh4 19. Nb6 Nf6 20. g3 Qh3 21. Nxc8 Rbxc8 22. Qg2 Qxg2+ 23. Kxg2 cxd4 24. exd4 Nd5 25. a4 Bb4 26. Bxb4 Nxb4 27. Be2 bxa4 28. Ra1 Rc2 29. Rxa4 Rxb2 30. Bxa6 Ra8 31. Bb5 Rxa4 32. Bxa4 Rd2 33. Bd7 Kf7 34. Re1 Nc2 35. Rxe6 Rxd4 36. Re2 Rxd7 37. Rxc2 Kf6 38. f4 h5 39. Rc6+ Kg7 40. Kf3 Rd3+ 41. Kg2 Rd8 42. Kh3 Rd2 43. Rb6 Rf2 44. Rb7+ Kh6 45. Rb8 Re2 46. Ra8 h4 47. Rh8+ Kg7 48. Rxh4 Rf2 49. g4 Rf3+ 50. Kg2 Rxf4 0-1

[Event "Nord 3- Nord 2"]
[Site "?"]
[Date "2023.09.03"]
[Round "1.5"]
[White "Proettel, Swen"]
[Black "Mainusch, Martin"]
[Result "1-0"]
[WhiteElo "2117"]
[BlackElo "2075"]
[PlyCount "115"]
[EventDate "2023.??.??"]
[SourceVersionDate "2023.09.04"]

1. e4 e6 2. d4 d5 3. Nd2 c5 4. exd5 Qxd5 5. dxc5 Nf6 6. Ngf3 Qxc5 7. Bd3 Nbd7 8. Qe2 Qc7 9. Nb3 Nc5 10. Nxc5 Bxc5 11. Bd2 b6 12. Bb5+ Bd7 13. O-O-O O-O 14. Bd3 Bc6 15. Ne5 Bd5 16. Bc3 Bxa2 17. Ng4 Qf4+ 18. Ne3 Nd5 19. Bd2 Nxe3 20. fxe3 Qh4 21. Rdf1 Bd5 22. e4 Bc6 23. Rf4 Qe7 24. e5 f6 25. b4 fxe5 26. Rxf8+ Rxf8 27. bxc5 Qxc5 28. Rf1 Rxf1+ 29. Qxf1 e4 30. Bc4 Bd5 31. Bxd5 exd5 32. Qf5 h6 33. Qe6+ Kh7 34. Qf5+ Kg8 35. Qe5 Qc6 36. Bc3 Qd7 37. Bd4 Qf7 38. Kb2 Qd7 39. Kc1 Qf7 40. Kd2 Qd7 41. h3 Qf7 42. g4 Qd7 43. Ke1 Qf7 44. h4 Qd7 45. g5 hxg5 46. Qxg5 Qf7 47. Kd2 Kh7 48. h5 b5 49. Kc1 a5 50. Kb2 a4 51. c3 g6 52. hxg6+ Qxg6 53. Qxd5 Qg2+ 54. Ka3 Qe2 55. Qg5 b4+ 56. Kxb4 Qb2+ 57. Ka5 Qb7 58. Qh5+ 1-0

[Event "Nord 3- Nord 2"]
[Site "?"]
[Date "2023.09.03"]
[Round "1.6"]
[White "Roitburd, Talik"]
[Black "Dordevic, Tom"]
[Result "1/2-1/2"]
[WhiteElo "2142"]
[BlackElo "1998"]
[PlyCount "35"]
[EventDate "2023.??.??"]
[SourceVersionDate "2023.09.04"]

1. e4 c5 2. Nf3 d6 3. Bb5+ Nd7 4. O-O a6 5. Bxd7+ Bxd7 6. h3 Nf6 7. Re1 e6 8. d4 cxd4 9. Qxd4 Bc6 10. Nc3 Be7 11. Be3 O-O 12. Rad1 Qa5 13. Qd3 Rac8 14. Nd4 h6 15. Bd2 Qc7 16. Qg3 Nh5 17. Qf3 Nf6 18. Qg3 1/2-1/2

[Event "Nord 3- Nord 2"]
[Site "?"]
[Date "2023.09.03"]
[Round "1.7"]
[White "Albers, Sasa"]
[Black "Schmidt, Kevin"]
[Result "0-1"]
[WhiteElo "2177"]
[BlackElo "1996"]
[PlyCount "50"]
[EventDate "2023.??.??"]
[SourceVersionDate "2023.09.04"]

1. e4 e5 2. Nf3 Nc6 3. Bb5 a6 4. Ba4 Nf6 5. O-O Be7 6. d3 b5 7. Bb3 O-O 8. a4 Bb7 9. Nc3 b4 10. Nd5 h6 11. a5 Bd6 12. Bd2 Nxd5 13. Bxd5 Rb8 14. Kh1 Ne7 15. Bc4 Ng6 16. Ng1 Kh8 17. Qg4 Nf4 18. Bxf4 exf4 19. Nh3 Qf6 20. c3 bxc3 21. bxc3 Qxc3 22. Qxd7 Bc8 23. Qc6 f3 24. Ng1 fxg2+ 25. Kxg2 Qe5 0-1

[Event "Nord 3- Nord 2"]
[Site "?"]
[Date "2023.09.03"]
[Round "1.8"]
[White "Grodotzki, Kenneth"]
[Black "Bus, Tom"]
[Result "1/2-1/2"]
[WhiteElo "1992"]
[BlackElo "2100"]
[PlyCount "82"]
[EventDate "2023.??.??"]
[SourceVersionDate "2023.09.04"]

1. f4 Nf6 2. Nf3 g6 3. g3 Bg7 4. Bg2 O-O 5. O-O d5 6. d3 c5 7. Qe1 Nc6 8. c3 Rb8 9. e4 dxe4 10. dxe4 b6 11. e5 Nd5 12. Qe2 Nc7 13. Rd1 Ba6 14. Qe1 Qe8 15. Na3 Rd8 16. Be3 f6 17. Rxd8 Nxd8 18. Bf2 Nf7 19. Rd1 fxe5 20. Nxe5 Nxe5 21. fxe5 Qf7 22. Be3 e6 23. Bg5 h6 24. Bf6 Bxf6 25. exf6 Qxf6 26. Nc2 Rf7 27. Ne3 h5 28. Qd2 Kg7 29. c4 Bc8 30. b3 Bd7 31. Qxd7 Rxd7 32. Rxd7+ Kf8 33. Rxc7 Qa1+ 34. Kf2 Qb2+ 35. Kf3 g5 36. h3 Qf6+ 37. Ke2 Qb2+ 38. Kf3 Qxa2 39. Rb7 Qxb3 40. Rxa7 Qb2 41. Rb7 Qc3 1/2-1/2

[Event "Wattenscheid- Erkenschwick"]
[Site "?"]
[Date "2023.09.03"]
[Round "1.1"]
[White "Ris, Robert"]
[Black "Koscielski, Janusz"]
[Result "1/2-1/2"]
[WhiteElo "2445"]
[BlackElo "2255"]
[PlyCount "41"]
[EventDate "2023.??.??"]
[SourceVersionDate "2023.09.04"]

1. e4 c6 2. d4 d5 3. Nd2 dxe4 4. Nxe4 Bf5 5. Ng3 Bg6 6. h4 h6 7. Nf3 Nd7 8. h5 Bh7 9. Bd3 Bxd3 10. Qxd3 e6 11. Bd2 Ngf6 12. O-O-O Be7 13. Ne4 Nxe4 14. Qxe4 Nf6 15. Qd3 c5 16. Kb1 a6 17. Qe2 Qb6 18. dxc5 Bxc5 19. Ne5 Rc8 20. Rh3 O-O 21. Rb3 1/2-1/2

[Event "Wattenscheid- Erkenschwick"]
[Site "?"]
[Date "2023.09.03"]
[Round "1.2"]
[White "Schiffer, Kai -Uwe"]
[Black "De Vreugt, Dennis"]
[Result "0-1"]
[WhiteElo "2282"]
[BlackElo "2406"]
[PlyCount "32"]
[EventDate "2023.??.??"]
[SourceVersionDate "2023.09.04"]

1. e4 c5 2. Nc3 Nc6 3. Bb5 Nd4 4. Nf3 a6 5. Bd3 e6 6. O-O Ne7 7. Nxd4 cxd4 8. Ne2 Nc6 9. f4 d5 10. e5 f6 11. b3 fxe5 12. fxe5 Qg5 13. Bb2 Qxe5 14. Ng3 Bd7 15. Qg4 O-O-O 16. a3 h5 0-1

[Event "Wattenscheid- Erkenschwick"]
[Site "?"]
[Date "2023.09.03"]
[Round "1.3"]
[White "Jens, Jelmer"]
[Black "Straeter, Timo"]
[Result "1/2-1/2"]
[WhiteElo "2394"]
[BlackElo "2310"]
[PlyCount "47"]
[EventDate "2023.??.??"]
[SourceVersionDate "2023.09.04"]

1. e4 e5 2. Bc4 Nc6 3. Nf3 Be7 4. d4 d6 5. h3 Nf6 6. Nc3 O-O 7. O-O h6 8. Re1 Bd7 9. Be3 a6 10. a4 exd4 11. Nxd4 Nb4 12. Qd2 c5 13. Nde2 b5 14. axb5 axb5 15. Bxb5 Bxb5 16. Nxb5 Nxe4 17. Rxa8 Qxa8 18. Qd1 Qb7 19. Na3 Nd5 20. Nf4 Nxe3 21. Rxe3 Bg5 22. Qf3 Bxf4 23. Qxf4 d5 24. Qe5 1/2-1/2

[Event "Wattenscheid- Erkenschwick"]
[Site "?"]
[Date "2023.09.03"]
[Round "1.4"]
[White "Wengenroth, Walter"]
[Black "Sprietersbach, Kai"]
[Result "0-1"]
[WhiteElo "2282"]
[BlackElo "2167"]
[PlyCount "98"]
[EventDate "2023.??.??"]
[SourceVersionDate "2023.09.04"]

1. e4 c6 2. d4 d5 3. e5 Bf5 4. h4 h5 5. Bd3 Bxd3 6. Qxd3 Qa5+ 7. Nd2 e6 8. Ne2 Ne7 9. Ng3 c5 10. O-O cxd4 11. Nf3 Nbc6 12. Bg5 Ng6 13. Rae1 Qa6 14. Qd1 Bb4 15. Re2 Bc5 16. a3 Rc8 17. Ree1 Kd7 18. Bc1 Rc7 19. Ng5 Kc8 20. Nxh5 Ncxe5 21. g3 d3 22. c3 d2 23. Bxd2 Qd3 24. Kg2 Nc4 25. Bf4 Qxd1 26. Rxd1 e5 27. Bc1 Rxh5 28. Rxd5 Nb6 29. Rd3 Nf8 30. Rfd1 Rd7 31. Rxd7 Nfxd7 32. b4 Be7 33. Nxf7 Rf5 34. Ng5 Rf6 35. Ne4 Rc6 36. Bg5 Bxg5 37. hxg5 Kc7 38. f4 Nc4 39. Kf3 Nxa3 40. f5 Nb5 41. Rd3 Nd6 42. Nxd6 Rxd6 43. Re3 b5 44. Ke4 Kd8 45. Re1 Ke7 46. Ra1 a6 47. g4 Rc6 48. Kd5 Rxc3 49. Rxa6 Rd3+ 0-1

[Event "Wattenscheid- Erkenschwick"]
[Site "?"]
[Date "2023.09.03"]
[Round "1.5"]
[White "Erwich, Marc"]
[Black "Sandkamp, Ralph"]
[Result "0-1"]
[WhiteElo "2341"]
[BlackElo "2232"]
[PlyCount "68"]
[EventDate "2023.??.??"]
[SourceVersionDate "2023.09.04"]

1. e4 c5 2. Nf3 d6 3. b3 Nf6 4. Nc3 a6 5. Bb2 e5 6. a4 Nc6 7. Bc4 Be7 8. d3 O-O 9. h3 Rb8 10. O-O Ne8 11. Nh2 Bg5 12. Ng4 Nc7 13. Bd5 Ne7 14. a5 Ncxd5 15. Nxd5 Nxd5 16. exd5 f5 17. Nh2 Bd7 18. Qe1 Qe8 19. b4 cxb4 20. Qxb4 Qg6 21. d4 e4 22. f4 exf3 23. Rxf3 f4 24. Ba3 Rf6 25. c4 Bh4 26. c5 Re8 27. Qc4 Bb5 28. Qc3 h5 29. c6 Re2 30. Ng4 hxg4 31. c7 gxf3 32. c8=Q+ Rf8 33. Qxf8+ Kxf8 34. Qxf3 Bg3 0-1

[Event "Wattenscheid- Erkenschwick"]
[Site "?"]
[Date "2023.09.03"]
[Round "1.6"]
[White "Thiel, Thomas"]
[Black "Jonkman, Harmen"]
[Result "0-1"]
[WhiteElo "2148"]
[BlackElo "2323"]
[PlyCount "52"]
[EventDate "2023.??.??"]
[SourceVersionDate "2023.09.04"]

1. e4 e5 2. Nf3 Nc6 3. d4 exd4 4. Nxd4 Nf6 5. Nxc6 bxc6 6. e5 Qe7 7. Qe2 Nd5 8. c4 Nb6 9. Nc3 a5 10. f4 Ba6 11. b3 O-O-O 12. Be3 f6 13. Qd2 fxe5 14. c5 Nc4 15. Bxc4 Bxc4 16. f5 Ba6 17. Bg5 Qxc5 18. Bxd8 Kxd8 19. O-O-O d5 20. Kb1 Kc8 21. Rhe1 e4 22. Rc1 Bd3+ 23. Ka1 Qd4 24. Kb2 Bd6 25. g3 h5 26. Qg5 Qf2+ 0-1

[Event "Wattenscheid- Erkenschwick"]
[Site "?"]
[Date "2023.09.03"]
[Round "1.7"]
[White "Langers, Alexander"]
[Black "Hirsch, Stefan"]
[Result "1/2-1/2"]
[WhiteElo "2263"]
[BlackElo "2116"]
[PlyCount "98"]
[EventDate "2023.??.??"]
[SourceVersionDate "2023.09.04"]

1. e4 e5 2. Nf3 Nc6 3. Bb5 a6 4. Ba4 Nf6 5. O-O b5 6. Bb3 Bb7 7. c3 Nxe4 8. Re1 d5 9. d3 Nc5 10. Nxe5 Nxe5 11. Rxe5+ Ne6 12. Nd2 Bd6 13. Re1 O-O 14. d4 Qh4 15. Nf3 Qh5 16. Ne5 Qxd1 17. Bxd1 Rfe8 18. Bf3 Bxe5 19. Rxe5 Nc5 20. Rxe8+ Rxe8 21. Bd2 Ne4 22. Bf4 c6 23. h3 Bc8 24. a4 f6 25. axb5 cxb5 26. Kf1 Kf7 27. Bd1 g6 28. h4 f5 29. Be2 Ke7 30. f3 Nd6 31. Kf2 Kd7 32. h5 Nf7 33. hxg6 hxg6 34. Bd3 Ke7 35. Bc2 Kf6 36. Bb3 Bb7 37. Rh1 g5 38. Bd2 Rh8 39. Re1 Bc6 40. Bc2 Re8 41. Rh1 Rh8 42. Ra1 Bb7 43. Re1 Bc6 44. Bd3 Re8 45. Rh1 Rh8 46. Ra1 Bb7 47. Re1 Bc6 48. Ra1 Bb7 49. Re1 Bc6 1/2-1/2

[Event "Wattenscheid- Erkenschwick"]
[Site "?"]
[Date "2023.09.03"]
[Round "1.8"]
[White "Peter, Thomas"]
[Black "Homs, Guust"]
[Result "1/2-1/2"]
[WhiteElo "2192"]
[BlackElo "2169"]
[PlyCount "58"]
[EventDate "2023.??.??"]
[SourceVersionDate "2023.09.04"]

1. e4 e5 2. Nf3 Nc6 3. Nc3 Nf6 4. Bb5 Bc5 5. d3 d6 6. Bxc6+ bxc6 7. h3 h6 8. O-O O-O 9. Na4 Bb6 10. Nxb6 axb6 11. Re1 c5 12. c4 Nh7 13. g4 h5 14. Nh2 Qh4 15. Kg2 hxg4 16. hxg4 Ng5 17. Bxg5 Qxg5 18. Qc1 Qxc1 19. Rexc1 g6 20. f3 f5 21. a4 fxg4 22. fxg4 Rf4 23. Rf1 g5 24. b3 Be6 25. Rf3 Kg7 26. Raf1 Rh8 27. Rxf4 gxf4 28. Rf3 Rh4 29. Rh3 Rxh3 1/2-1/2

[Event "Münster- Bochum"]
[Site "?"]
[Date "2023.09.03"]
[Round "1.1"]
[White "Zatonskih, Anna"]
[Black "Schmitzer, Klaus"]
[Result "1/2-1/2"]
[WhiteElo "2364"]
[BlackElo "2212"]
[PlyCount "133"]
[EventDate "2023.??.??"]
[SourceVersionDate "2023.09.04"]

1. d4 e6 2. c4 b6 3. a3 Bb7 4. Nc3 f5 5. d5 Na6 6. g3 Nf6 7. Bg2 Nc5 8. Nh3 Bd6 9. O-O O-O 10. Nb5 a5 11. Be3 Nce4 12. Nf4 Qe7 13. Nxd6 Nxd6 14. c5 bxc5 15. dxe6 Bxg2 16. Nxg2 dxe6 17. Bxc5 Nfe4 18. Qc2 Rab8 19. Be3 Rb7 20. Nf4 Rfb8 21. Nd3 e5 22. b4 axb4 23. Nxb4 Qe6 24. Rfc1 f4 25. Bc5 fxg3 26. hxg3 Qg4 27. Bxd6 cxd6 28. Qd3 Qf5 29. Rf1 Rf7 30. Kg2 Qg4 31. Nd5 Rbf8 32. f4 Nc5 33. Qf3 Qe6 34. Rad1 e4 35. Qe3 Rf5 36. Qd4 Rh5 37. Rh1 Rxh1 38. Rxh1 Rf5 39. Ne3 Rf6 40. Rd1 Kf8 41. Nc4 Qg4 42. Qe3 Ne6 43. Rf1 Nc5 44. Nxd6 Rxd6 45. Qxc5 Qxe2+ 46. Rf2 Qd3 47. Rb2 Qd5 48. Qe3 Kf7 49. Re2 Ra6 50. Kf2 Qb7 51. Qc5 Qa7 52. Qxa7+ Rxa7 53. Re3 h5 54. Rb3 g5 55. Ke3 gxf4+ 56. Kxf4 Ra4 57. Kf5 Kg7 58. Rc3 Kh6 59. Re3 Kg7 60. Ke5 Kg6 61. Kf4 Kf6 62. Rb3 Kg6 63. Rc3 Kf6 64. Re3 Kg6 65. Rb3 Kf6 66. Re3 Kg6 67. Rb3 1/2-1/2

[Event "Münster- Bochum"]
[Site "?"]
[Date "2023.09.03"]
[Round "1.2"]
[White "Chilla, Jan Eric"]
[Black "Friedmann, Rafael"]
[Result "1/2-1/2"]
[WhiteElo "2242"]
[BlackElo "2418"]
[PlyCount "42"]
[EventDate "2023.??.??"]
[SourceVersionDate "2023.09.04"]

1. Nf3 Nf6 2. g3 d5 3. Bg2 c6 4. O-O Bg4 5. d4 e6 6. Nbd2 Nbd7 7. Re1 Be7 8. e4 dxe4 9. Nxe4 O-O 10. c3 h6 11. Qb3 Nxe4 12. Rxe4 Bf5 13. Re1 Qb6 14. Be3 Rfd8 15. Bf1 Bf8 16. Nd2 Nf6 17. Nc4 Qc7 18. Bf4 Qc8 19. Bg2 Nd5 20. Bd2 Qc7 21. Ne3 Nxe3 1/2-1/2

[Event "Münster- Bochum"]
[Site "?"]
[Date "2023.09.03"]
[Round "1.3"]
[White "Jugelt, Tobias"]
[Black "Wichtrup, Jan- Louis"]
[Result "1-0"]
[WhiteElo "2384"]
[BlackElo "2107"]
[PlyCount "135"]
[EventDate "2023.??.??"]
[SourceVersionDate "2023.09.04"]

1. Nf3 Nf6 2. g3 d5 3. Bg2 e6 4. O-O Be7 5. d3 O-O 6. c4 b6 7. Nbd2 Bb7 8. e3 c5 9. Qe2 Nc6 10. b3 Qd7 11. Bb2 Rfd8 12. Rfd1 Qe8 13. Rab1 Rd7 14. a3 Rad8 15. Nf1 h6 16. Bc3 Qf8 17. h3 d4 18. Bd2 dxe3 19. Bxe3 Nd4 20. Bxd4 Bxf3 21. Bxf3 Rxd4 22. Ne3 Qe8 23. Nc2 R4d6 24. b4 Qa4 25. Kg2 Nd7 26. d4 cxd4 27. Nxd4 Nb8 28. Nf5 exf5 29. Qxe7 Rxd1 30. Rxd1 Rxd1 31. Bxd1 Qxd1 32. Qe8+ Kh7 33. Qxb8 Qa4 34. Qf4 Qxa3 35. Qxf5+ Kg8 36. c5 bxc5 37. bxc5 g6 38. Qc8+ Kg7 39. c6 Qe7 40. Qg4 Qe5 41. Qd7 Qe4+ 42. Kh2 Qc2 43. Kg1 Qb1+ 44. Kg2 Qe4+ 45. Kf1 Qb1+ 46. Ke2 Qb5+ 47. Kf3 a5 48. Qd4+ Kh7 49. Qd6 Qf5+ 50. Ke3 a4 51. Qd7 a3 52. Qxf5 gxf5 53. c7 a2 54. c8=Q a1=Q 55. Qxf5+ Kg7 56. Kf3 Qa3+ 57. Kg4 Qb4+ 58. Kh5 Qd6 59. f4 Qa6 60. Qe5+ Kh7 61. f5 Qf1 62. h4 Qa6 63. Qe7 Qc4 64. Qf6 Qe2+ 65. g4 Qe8 66. Qxh6+ Kg8 67. f6 Qb5+ 68. Qg5+ 1-0

[Event "Münster- Bochum"]
[Site "?"]
[Date "2023.09.03"]
[Round "1.5"]
[White "Golovanj, Andrej"]
[Black "Wolter, Kai"]
[Result "1-0"]
[WhiteElo "2303"]
[BlackElo "2197"]
[PlyCount "155"]
[EventDate "2023.??.??"]
[SourceVersionDate "2023.09.04"]

1. d4 Nf6 2. c4 g6 3. Nc3 Bg7 4. e4 d6 5. Be2 O-O 6. Bg5 c5 7. d5 e6 8. Qd2 exd5 9. exd5 Re8 10. Nf3 a6 11. O-O Nbd7 12. Rfe1 Qe7 13. Bd3 Qf8 14. h3 b6 15. Rxe8 Qxe8 16. Re1 Qf8 17. a4 Bb7 18. Bf4 Re8 19. Re2 Bc8 20. Qe1 Rxe2 21. Qxe2 Ne8 22. g4 Ndf6 23. Nd2 h5 24. f3 hxg4 25. fxg4 Bd7 26. Kh2 Nh7 27. Bc2 Bf6 28. Nf3 Qe7 29. Qxe7 Bxe7 30. b3 Nhf6 31. Ng5 Nh7 32. Nf3 Nhf6 33. Kg3 Nc7 34. Ng5 Nce8 35. Bd3 Nc7 36. Nce4 Nce8 37. Nf2 Nc7 38. h4 b5 39. axb5 axb5 40. Nge4 Nxe4+ 41. Nxe4 bxc4 42. bxc4 Ne8 43. Bg5 f6 44. Bd2 f5 45. Nf2 Ng7 46. g5 Ba4 47. Be2 Bb3 48. Kf3 Kf7 49. Ke3 Ne8 50. Kd3 Ng7 51. Nh3 Bd8 52. Nf4 Be7 53. Bc3 Bf8 54. Bf6 Ba4 55. Bd8 Bb3 56. Kc3 Ba4 57. Bf3 Ne8 58. h5 Bg7+ 59. Kd3 gxh5 60. Bxh5+ Kg8 61. Bg6 Be5 62. Nh5 f4 63. Be7 Nc7 64. Nf6+ Kg7 65. Bh5 Na6 66. Ne4 Nb4+ 67. Kd2 Bd4 68. Bxd6 Be3+ 69. Ke2 Bb3 70. Be5+ Kf8 71. Nd6 Nxd5 72. cxd5 Bxd5 73. Nf5 Bc4+ 74. Ke1 Bc1 75. g6 Be6 76. g7+ Kg8 77. Bg6 f3 78. Ne7# 1-0

[Event "Münster- Bochum"]
[Site "?"]
[Date "2023.09.03"]
[Round "1.6"]
[White "Rott, Georg"]
[Black "Zozulia, Anna"]
[Result "1-0"]
[WhiteElo "2158"]
[BlackElo "2229"]
[PlyCount "59"]
[EventDate "2023.??.??"]
[SourceVersionDate "2023.09.04"]

1. e4 c5 2. Nf3 Nc6 3. Bb5 d6 4. O-O Bd7 5. Re1 Nf6 6. c3 a6 7. Bf1 Bg4 8. d4 cxd4 9. cxd4 Bxf3 10. gxf3 e5 11. d5 Ne7 12. Qb3 Nd7 13. Be3 b6 14. Nd2 Ng6 15. Rec1 Be7 16. Rc6 b5 17. Qa3 O-O 18. Rxa6 Rxa6 19. Qxa6 b4 20. Qa4 Bg5 21. Nc4 Nh4 22. Qd1 f5 23. Bh3 fxe4 24. fxe4 Nf3+ 25. Kh1 Bxe3 26. fxe3 Qh4 27. Be6+ Kh8 28. Qe2 Nd2 29. Nxd2 Rf2 30. Nf3 1-0

[Event "Münster- Bochum"]
[Site "?"]
[Date "2023.09.03"]
[Round "1.7"]
[White "Golinka, Oleksandr"]
[Black "Kamp, Christoph"]
[Result "1/2-1/2"]
[WhiteElo "2189"]
[BlackElo "2190"]
[PlyCount "88"]
[EventDate "2023.??.??"]
[SourceVersionDate "2023.09.04"]

1. e4 e6 2. d4 d5 3. Nd2 c5 4. exd5 Qxd5 5. Ngf3 cxd4 6. Bc4 Qd6 7. O-O Nf6 8. Nb3 Nc6 9. Nbxd4 Nxd4 10. Nxd4 a6 11. c3 Qc7 12. Bd3 b6 13. Qf3 Bb7 14. Bf4 Qd7 15. Qe2 Bd6 16. Bg5 Be7 17. Rad1 O-O 18. Bb1 Qd5 19. Nf3 Qc6 20. Rd4 Rfd8 21. Rfd1 Rxd4 22. Rxd4 Rd8 23. Bxf6 Bxf6 24. Bxh7+ Kxh7 25. Qd3+ g6 26. Rxd8 Bxd8 27. Qxd8 Kg7 28. h4 Qb5 29. Qd4+ f6 30. c4 Qc6 31. b3 Qc7 32. Qe3 Qc6 33. Qd4 e5 34. Qd8 Kf7 35. Qh8 Qe4 36. Qh7+ Ke6 37. Qg8+ Ke7 38. Qg7+ Ke6 39. Qc7 Qc6 40. Qd8 Kf7 41. Qh8 Qe4 42. Qh7+ Ke6 43. Qc7 Qc6 44. Qd8 Kf7 1/2-1/2

[Event "Münster- Bochum"]
[Site "?"]
[Date "2023.09.03"]
[Round "1.8"]
[White "Molinaroli, Martin"]
[Black "Zatonskih, Vitaly"]
[Result "1/2-1/2"]
[WhiteElo "2058"]
[BlackElo "2153"]
[PlyCount "33"]
[EventDate "2023.??.??"]
[SourceVersionDate "2023.09.04"]

1. b3 d5 2. Bb2 c5 3. e3 Nc6 4. Nf3 e6 5. Bb5 Bd7 6. O-O Nf6 7. Bxc6 Bxc6 8. Ne5 Rc8 9. d3 Be7 10. Nd2 O-O 11. f4 Nd7 12. Ndf3 f6 13. Nxc6 Rxc6 14. Qe2 Bd6 15. Nd2 Re8 16. e4 Bf8 17. Rae1 1/2-1/2

[Event "Brackel- Porz 2"]
[Site "?"]
[Date "2023.09.03"]
[Round "1.1"]
[White "Pauly, Carlo"]
[Black "Fiebig, Thomas"]
[Result "1-0"]
[WhiteElo "2303"]
[BlackElo "2420"]
[PlyCount "77"]
[EventDate "2023.??.??"]
[SourceVersionDate "2023.09.04"]

1. d4 d5 2. c4 c6 3. Nf3 e6 4. e3 Nf6 5. Nc3 Nbd7 6. Qc2 Bd6 7. Bd3 O-O 8. O-O dxc4 9. Bxc4 a6 10. a4 c5 11. dxc5 Bxc5 12. a5 Qc7 13. Be2 b5 14. axb6 Bxb6 15. Bd2 Bb7 16. Rfc1 Rfc8 17. Qd1 Qd6 18. Be1 Qxd1 19. Rxd1 Nc5 20. b4 Nce4 21. Nxe4 Nxe4 22. Ne5 Bc7 23. Nd7 Rd8 24. f3 Nf6 25. Nc5 Rxd1 26. Rxd1 Bc8 27. Bg3 Bb6 28. Rd6 Bxc5 29. bxc5 Kf8 30. c6 Ke7 31. Rd2 Ne8 32. e4 a5 33. Bf2 Ba6 34. e5 f6 35. Rd7+ Kf8 36. Bc5+ Kg8 37. Bxa6 Rxa6 38. c7 Rc6 39. Bd6 1-0

[Event "Brackel- Porz 2"]
[Site "?"]
[Date "2023.09.03"]
[Round "1.2"]
[White "Luft, Dennis"]
[Black "Gallasch, Jonas"]
[Result "1/2-1/2"]
[WhiteElo "2310"]
[BlackElo "2269"]
[PlyCount "117"]
[EventDate "2023.??.??"]
[SourceVersionDate "2023.09.04"]

1. d4 Nf6 2. c4 e6 3. Nf3 d5 4. g3 Be7 5. Bg2 O-O 6. O-O dxc4 7. Qc2 a6 8. a4 Bd7 9. Qxc4 Bc6 10. Qc2 Nbd7 11. Nc3 Bb4 12. Rd1 Rc8 13. Ne5 Bxg2 14. Kxg2 Qe7 15. Bg5 h6 16. Nxd7 Qxd7 17. Bxf6 gxf6 18. e4 c6 19. Qc1 Kh7 20. Ne2 f5 21. Qc4 Be7 22. exf5 exf5 23. Qc2 Rcd8 24. Rd3 Qd5+ 25. Kg1 Bf6 26. Rad1 Kg8 27. Nc3 Qc4 28. b3 Qb4 29. Na2 Qa5 30. Rf3 Rxd4 31. Rxd4 Bxd4 32. Rxf5 Qe1+ 33. Kg2 Re8 34. Rf4 Bg7 35. Nc1 Qc3 36. Qf5 Re7 37. Rc4 Qe5 38. Qf3 Qb2 39. Rg4 Re6 40. Nd3 Qxb3 41. Rb4 Qd5 42. Rxb7 Rd6 43. Nc5 Qxf3+ 44. Kxf3 Rd4 45. Rc7 a5 46. Ra7 Bf8 47. Nd7 Bg7 48. Ra8+ Kh7 49. Nc5 Rc4 50. Nb7 Rxa4 51. Rxa5 Rd4 52. Ra6 Rd2 53. Rxc6 Bd4 54. Ke4 Bxf2 55. Nd6 Be1 56. Nxf7 Rxh2 57. g4 Bd2 58. Ne5 Bg5 59. Rc7+ 1/2-1/2

[Event "Brackel- Porz 2"]
[Site "?"]
[Date "2023.09.03"]
[Round "1.3"]
[White "Marcziter, Dmitrii"]
[Black "Fluechter, Gregor"]
[Result "0-1"]
[WhiteElo "2228"]
[BlackElo "2247"]
[PlyCount "122"]
[EventDate "2023.??.??"]
[SourceVersionDate "2023.09.04"]

1. d4 d5 2. c4 c6 3. Nf3 Nf6 4. Nc3 dxc4 5. a4 Bf5 6. e3 e6 7. Bxc4 Nbd7 8. O-O Bb4 9. Qe2 Bg6 10. e4 Bxc3 11. bxc3 Nxe4 12. Ba3 Nb6 13. Bb3 Nxc3 14. Qb2 Ne4 15. a5 Nc8 16. Rfe1 Ncd6 17. d5 exd5 18. Qxg7 Kd7 19. Ne5+ Kc7 20. f3 Nf5 21. Nxf7 Nxg7 22. Nxd8 Raxd8 23. fxe4 Bxe4 24. Bb2 Rhg8 25. Be5+ Kd7 26. Rxe4 dxe4 27. Rd1+ Ke7 28. Rxd8 Rxd8 29. Bxg7 b5 30. Bh6 Kf6 31. Bc2 c5 32. Be3 c4 33. Bxa7 Rd2 34. Bxe4 c3 35. Be3 Re2 36. Bd4+ Ke6 37. Bxh7 c2 38. Bxc2 Rxc2 39. a6 Ra2 40. a7 b4 41. g4 b3 42. h4 Rxa7 43. h5 Ra4 44. Bb2 Rxg4+ 45. Kf2 Rh4 46. Ke3 Kd5 47. Kd3 Rh3+ 48. Kd2 Kc4 49. Bg7 Rxh5 50. Kc1 Rh1+ 51. Kb2 Rh2+ 52. Kc1 Rc2+ 53. Kb1 Rg2 54. Bf6 b2 55. Ka2 Rc2 56. Be5 b1=Q+ 57. Kxb1 Kb3 58. Bb8 Rc8 59. Ba7 Ra8 60. Bb6 Ra6 61. Bc7 Rf6 0-1